000 00436nam a2200169Ia 4500
003 LK-CoDNM
005 20240726124455.0
008 010623t1938 xxu||||| |||| 00| 1 eng d
040 _aLK-CoDNM
_dLK-CoDNM
_eLK-CoDNM
041 _aeng
080 _a14
_bDD39
100 _aRowland,Benjamin.
245 _aOutline and Bibliographies of Oriental Art
260 _bHarvard University Press
_c1938
300 _b41p ; 24 cm
942 _cBK
999 _c98838
_d98838